World Leaders (updated) - Statistics

General Stats
  • This quiz has been taken 23 times
    7 since last reset
  • The average score is 30 of 197
Answer Stats
Country Hint Answer % Correct
Vatican City Sovereign Pope Francis
100%
United Kingdom PM Johnson
100%
North Korea WPK Chairman Kim Jung-un
100%
France President Macron
100%
Germany Chancellor Merkel
100%
Israel PM Netanyahu
100%
Russia President Putin
100%
Canada PM Trudeau
100%
USA President Trump
100%
Japan PM Abe
75%
Monaco Sovereign Prince Albert II
75%
Brazil President Bolsonaro
75%
Turkey President Erdogan
75%
South Africa PM Ramaphosa
75%
Netherlands PM Rutte
75%
Spain President Sánchez
75%
Jordan King Abdullah
50%
New Zealand PM Ardern
50%
Czech Republic PM Babiš
50%
Italy PM Conte
50%
Egypt President El-Sisi
50%
Argentina President Fernández
50%
Kenya President Kenyatta
50%
Iran Supreme Leader Khamenei
50%
Mexico President López Obrador
50%
Zimbabwe President Mnangagwa
50%
India PM Modi
50%
South Korea President Moon
50%
Australia PM Morrison
50%
Hungary PM Orbán
50%
Saudi Arabia King Salman
50%
Ukraine President Zelensky
50%
Ethiopia PM Ahmed
25%
Syria President Al-Assad
25%
Luxembourg PM Bettel
25%
Bulgaria PM Borisov
25%
Suriname President Bouterse
25%
Serbia PM Brnabic
25%
Nigeria President Buhari
25%
Cuba President Castro
25%
Phillipines President Duterte
25%
Afghanistan President Ghani
25%
Venezuela President Guaidó
25%
Bangladesh PM Hasina
25%
Jamaica PM Holness
25%
Taiwan President Ing-Wen
25%
Romania President Iohannis
25%
China PR President Jinping
25%
Sweden President Löfven
25%
Belarus President Lukashenko
25%
Zambia President Lungu
25%
Guatemala President Morales
25%
Poland PM Morawiecki
25%
Ecuador President Moreno
25%
Chile President Piñera
25%
Albania PM Rama
25%
Norway President Solberg
25%
Myanmar State Chancellor Suu Kyi
25%
Kazakhstan President Toqaev
25%
Ireland Taoiseach Varadkar
25%
Indonesia President Widodo
25%
Belgium PM Wilmes
25%
Palestine PM Abbas
0%
Paraguay President Abdo
0%
Kyrgyzstan President Abylgaziev
0%
Eritrea President Afwerki
0%
Nauru President Aingimea
0%
Ghana President Akufo-Addo
0%
Iraq President al-Abadi
0%
Sudan Sovereignity Council leader al-Burhan
0%
Somalia PM Ali Khayre
0%
Azerbaijan President Aliyev
0%
Kuwait Emir Al-Jaber
0%
UAE President/Sheikh Al Nahyan
0%
Liechtenstein Regent Alois
0%
Oman Sultan Al Said
0%
Libya Chairman al-Sarraj
0%
Qatar Emir/Sheikh Al Thani
0%
Cyprus President Anastasiades
0%
Bolivia President Áñez
0%
Comoros President Assoumani
0%
Fiji PM Bainimarama
0%
Belize PM Barrow
0%
Gambia President Barrow
0%
Mongolia President Battulga
0%
Algeria President Bensaleh
0%
Turkmenistan President Berdimuhamedow
0%
Austria Federal Chancellor ` BierleIn
0%
Sierra Leone President Bio
0%
Cameroon President Biya
0%
Brunei Sultan Bolkiah
0%
Antigua and Barbuda PM Browne
0%
El Salvador President Bukele
0%
São Tomé and Príncipe President Carvalho
0%
Thailand President Chan-o-cha
0%
St. Lucia PM Chastanet
0%
Guinea President Condé
0%
Panama President Cortizo
0%
Portugal PM Costa
0%
Chad President Déby
0%
Montenegro PM Dukanovic
0%
Colombia President Duqué
0%
Seychelles President Faure
0%
Cape Verde President Fonseca
0%
Denmark PM Frederiksen
0%
Georgia President Gakharia
0%
Namibia President Geingob
0%
Mauritania President Ghazouani
0%
Togo President Gnassingbé
0%
Saint Vincent PM Gonsalves
0%
Guyana President Granger
0%
Djibouti President Guelleh
0%
East Timor President Guterres
0%
Bahrain King Hamad
0%
Lebanon President of the Council Hariri
0%
St.Kitts and Nevis PM Harris
0%
Marshall Isl. President Heine
0%
Honduras President Hernandez
0%
Solomon Islands PM Houenipwela
0%
Niger President Issoufou
0%
Iceland President Jakobsdóttir
0%
Mauritius PM Jugnauth
0%
Burkina Faso President Kaboré
0%
Rwanda President Kagame
0%
Latvia PM Karins
0%
Mali President Keita
0%
Pakistan PM Khan
0%
Bosnia Chairman of the Presidency Komsic
0%
Kosovo PM Kurti
0%
Uruguay President Lacalle Pou
0%
Singapore PM Loong
0%
Angola President Lourenço
0%
Tanzania President Magufuli
0%
Samoa PM Malielegaoi
0%
Yemen President Mansur Hadi
0%
Papua New Guinea President Marape
0%
Finland PM Marin
0%
Botswana President Masisi
0%
Switzerland Council President Maurer
0%
South Sudan President Mayardit
0%
Dominican Rep. President Medina
0%
Bahamas PM Minnis
0%
Uzbekistan President Mirziyoyev
0%
Grenada PM Mitchell
0%
Greece PM Mitsotakis
0%
Malaysia PM Mohamad
0%
Morocco King Mohammed VI
0%
Haiti President Moïse
0%
Barbados PM Mottley
0%
Swaziland King Mswati III
0%
Kiribati President Mumau
0%
Malta PM Muscat
0%
Uganda President Museveni
0%
Malawi President Mutharika
0%
Lithuania President Nauseda
0%
Equatorial Guinea President Nguema
0%
Congo President Nguesso
0%
Vietnam CPV General Secretary Nguyễn Phú Trọng
0%
Burundi President Nkurunziza
0%
Mozambique President Nyusi
0%
Nepal PM Oli
0%
Gabon President Ondimba
0%
Nicaragua President Ortega
0%
Ivory Coast President Ouattara
0%
San Marino Captain Regent Palmieri
0%
Micronesia President Panuelo
0%
Armenia President Pashinyan
0%
Slovakia PM Pelligrini
0%
Croatia President Plenković
0%
Costa Rica President Quesada
0%
Tajikistan President Rahmon
0%
Madagascar President Rajoelina
0%
Estonia PM Ratas
0%
Palau President Remengesau
0%
Trinidad and Tobago President Rowley
0%
Tunisia President Saied
0%
Senegal President Sall
0%
Vanuatu PM Salwai
0%
Moldova President Sandu
0%
Slovenia PM Sarec
0%
Cambodia Prime Minister Sen
0%
Sri Lanka President Sirisena
0%
Dominica PM Skerrit
0%
Maldives President Solih
0%
Tuvalu PM Sopoaga
0%
Benin President Talon
0%
Lesotho PM Thabane
0%
Central African Rep. President Touadéra
0%
Bhutan PM Tshering
0%
DR Congo President Tshisekedi
0%
Tonga King Tupou VI
0%
Guinea-Bissau President Vaz
0%
Peru President Vizcarra
0%
Laos General Secretary Vorachith
0%
Liberia President Weah
0%
North Macedonia President of the Government Zaev
0%
Andorra PM Zamora
0%
No matching quizzes found
Score Distribution
Percent of People with Each Score
Percentile by Number Answered
Your Score History
You have not taken this quiz since the last reset